000 00963nam a2200253Ia 4500
003 CO-CtgCURN
005 20250408234316.0
008 190722s9999 xx 000 0 und d
020 _a958682585X
040 _aCO-CtgCURN
_bspa
_ccoctgcurn
082 _a330.98
_bD324a
100 _aDeininger, Klaus
245 0 _aAcceso a la tierra, desarrollo y reducción de la pobreza /
_cKlaus Deininger; traducción., Teresa Nino Torres
260 _aBogotá, Colombia :
_bBanco Mundial,
_c2005
300 _a64 páginas ;
_c21 centímetros
490 _aSerie Desarrollo para todos;
_v7
500 _aTitulo original : Land reform revisited development for all series
504 _aIncluye referencias bibliográficas
521 _aAREA SOCIOHUMANISTICA
590 _aTodos los programas académicos
650 _aPaises en desarrollo
942 _cBK
_h330.98
_iD324a
_2ddc
_n0
999 _c27929
_d27929